000 00703nam a2200157Ia 4500
008 090124s9999 xx 000 0 und d
082 _b17332
_a1835
245 _a श्री संतचोखामेळा महाराज यांचे चरित्र व अभंग गाथा
250 _a1
260 _c1969
300 _a14+245
630 _a श्री संतचोखामेळा महाराज यांचे चरित्र व अभंग गाथा
700 _aकदम स.भा.
730 _a श्री संतचोखामेळा महाराज यांचे चरित्र व अभंग गाथा
942 _cBOOK
999 _c131272
_d131272